000
00314nam a22001337a 4500
008
181102b xxu||||| |||| 00| 0 eng d
020
_a
9781587785825
041
_a
eng
080
_2
5 ED
_a
341
100
_a
15
101
_a
JUR
245
_a
Employment Law Cases ASnd Materials
_c
Mark.AR
942
_2
udc
_c
BK
999
_c
51713
_d
51713